Virorum doctorum de disciplinis benemerentium effigies XLIIII = (Record n. 28729)

Dettagli MARC
000 -LEADER
fixed length control field 01298nam a2200325 i 4500
003 - CONTROL NUMBER IDENTIFIER
control field IT-RoINE
005 - DATE AND TIME OF LATEST TRANSACTION
control field 20190129071859.0
008 - FIXED-LENGTH DATA ELEMENTS--GENERAL INFORMATION
fixed length control field 051220s2005 sp | r o||| ||spa d
020 ## - INTERNATIONAL STANDARD BOOK NUMBER
International Standard Book Number 8496373584
040 ## - CATALOGING SOURCE
Original cataloging agency SpMaBN
Transcribing agency SpMaBN IT-RoINE
Modifying agency IT-RoINE
041 0# - LANGUAGE CODE
Language code of text/sound track or separate title spa
-- lat
100 1# - MAIN ENTRY--PERSONAL NAME
Personal name Arias Montano, Benito,
Dates associated with a name 1527-1598
9 (RLIN) 1072
245 10 - TITLE STATEMENT
Title Virorum doctorum de disciplinis benemerentium effigies XLIIII =
Remainder of title Cuarenta y cuatro retratos de sabios beneméritos en las artes liberales /
Statement of responsibility, etc Benito Arias Montano, Philips Galle ; edición, Luis Gómez Canseco, Fernando Navarro Antolín
246 31 - VARYING FORM OF TITLE
Title proper/short title Cuarenta y cuatro retratos de sabios beneméritos en las artes liberales
260 ## - PUBLICATION, DISTRIBUTION, ETC. (IMPRINT)
Place of publication, distribution, etc [Huelva] :
Name of publisher, distributor, etc Universidad de Huelva,
Date of publication, distribution, etc [2005]
300 ## - PHYSICAL DESCRIPTION
Extent 316 p. :
Other physical details il. ;
Dimensions 23 cm.
336 ## - CONTENT TYPE
Source rdacontent
Content type term text
337 ## - MEDIA TYPE
Source rdamedia
Media type term unmediated
338 ## - CARRIER TYPE
Source rdacarrier
Carrier type term volume
490 1# - SERIES STATEMENT
Series statement Bibliotheca montaniana ;
Volume number/sequential designation 11
500 ## - GENERAL NOTE
General note Incluye índices.
504 ## - BIBLIOGRAPHY, ETC. NOTE
Bibliography, etc Bibliografía: p. 105-112.
546 ## - LANGUAGE NOTE
Language note Texto en español y latín
650 #4 - SUBJECT ADDED ENTRY--TOPICAL TERM
Topical term or geographic name as entry element Humanistas
General subdivision Retratos
9 (RLIN) 56565
700 1# - ADDED ENTRY--PERSONAL NAME
Personal name Galle, Philippe,
Dates associated with a name 1537-1612
9 (RLIN) 56566
700 1# - ADDED ENTRY--PERSONAL NAME
Personal name Gómez Canseco, Luis,
Dates associated with a name 1963-
9 (RLIN) 56469
700 1# - ADDED ENTRY--PERSONAL NAME
Personal name Navarro Antolín, Fernando
9 (RLIN) 56567
830 #0 - SERIES ADDED ENTRY--UNIFORM TITLE
9 (RLIN) 3597
Uniform title Bibliotheca Montaniana ;
Volume number/sequential designation 11
942 ## - ADDED ENTRY ELEMENTS (KOHA)
Item type Monografías
Dati di copia
Withdrawn status Lost status Damaged status Not for loan Home library Current library Date acquired Total Checkouts Full call number Barcode Date last seen Price effective from Koha item type
        Iglesia Nacional Española en Roma Iglesia Nacional Española en Roma 29/01/2019   NOVALÍN 1503 NOV-1608 29/01/2019 29/01/2019 Monografías